Thermodynamics (Record no. 1284)

000 -LEADER
fixed length control field 00633nam a22002294a 4500
001 - CONTROL NUMBER
control field 1284
003 - CONTROL NUMBER IDENTIFIER
control field BD-DhUET
008 - FIXED-LENGTH DATA ELEMENTS--GENERAL INFORMATION
fixed length control field 010119s2002 maua 001 0 eng
020 ## - INTERNATIONAL STANDARD BOOK NUMBER
International Standard Book Number 0070606595
040 ## - CATALOGING SOURCE
Original cataloging agency DLC
Transcribing agency DLC
Modifying agency BD-DhUET
082 00 - DEWEY DECIMAL CLASSIFICATION NUMBER
Classification number 621.01
Item number CEN/2006
100 1# - MAIN ENTRY--PERSONAL NAME
Personal name Çengel, Yunus A.
245 10 - TITLE STATEMENT
Title Thermodynamics
Remainder of title an engineering approach
250 ## - EDITION STATEMENT
Edition statement 5th ed.
260 ## - PUBLICATION, DISTRIBUTION, ETC. (IMPRINT)
Place of publication, distribution, etc. New Delhi
Name of publisher, distributor, etc. Tata McGraw-Hill
Date of publication, distribution, etc. 2006
300 ## - PHYSICAL DESCRIPTION
Extent xxxii, 946p.
Other physical details ill.
490 1# - SERIES STATEMENT
Series statement McGraw-Hill series in mechanical engineering
504 ## - BIBLIOGRAPHY, ETC. NOTE
Bibliography, etc Includes bibliographies

650 #0 - SUBJECT ADDED ENTRY--TOPICAL TERM
Topical term or geographic name as entry element Thermodynamics
700 1# - ADDED ENTRY--PERSONAL NAME
Personal name Boles, Michael A.
942 ## - ADDED ENTRY ELEMENTS (KOHA)
Koha item type General Book
Holdings
Koha date last seen Koha item type Date acquired Shelving location Koha issues (times borrowed) Koha normalized classification for sorting Source of classification or shelving scheme Price effective from Location (home branch) Damaged status Withdrawn status Copy number Koha date last borrowed Koha out on loan Not for loan Koha full call number Lost status Piece designation (barcode) Sublocation or collection (holding branch)
2026-04-22General Book2014-09-02Circulation section10621_000000000000000_01CEN2006 2014-09-02Central Library, BUET  12026-04-222026-05-06 621.01/CEN/2006 103975Central Library, BUET
2018-11-05General Book2014-09-02Circulation section11621_000000000000000_01CEN2006 2014-09-02Central Library, BUET  22018-11-052018-11-19 621.01/CEN/2006 103976Central Library, BUET
2016-03-01General Book2014-09-23Circulation section3621_000000000000000_01CEN2006 2014-09-23Central Library, BUET  32016-03-012017-03-01 621.01/CEN/2006 103977Central Library, BUET
2026-03-30General Book2015-09-07Circulation section23621_010000000000000_CEN_2006 2015-09-07Central Library, BUET  42026-03-302026-04-13 621.01/CEN/2006 103978Central Library, BUET